Индукционный датчик углового перемещения; Энергетика, электромеханика и энергоэффективные технологии глазами молодежи

Dettagli Bibliografici
Parent link:Энергетика, электромеханика и энергоэффективные технологии глазами молодежи.— 2014.— [С. 141-144]
Autore principale: Торопов А. В.
Riassunto:Заглавие с титульного экрана
Lingua:russo
Pubblicazione: 2014
Serie:Энергоэффективные технологии в электромеханике
Soggetti:
Accesso online:http://earchive.tpu.ru/handle/11683/73415
Natura: MixedMaterials Elettronico Capitolo di libro
KOHA link:https://koha.lib.tpu.ru/cgi-bin/koha/opac-detail.pl?biblionumber=609624

MARC

LEADER 00000naa2a2200000 4500
001 609624
005 20260324160023.0
035 |a (RuTPU)RU\TPU\conf\7119 
035 |a RU\TPU\conf\7117 
090 |a 609624 
100 |a 20141124d2014 k y0rusy50 ca 
101 0 |a rus 
102 |a RU 
135 |a drcn ---uucaa 
181 0 |a i  
182 0 |a b 
200 1 |a Индукционный датчик углового перемещения  |f А. В. Торопов 
203 |a Текст  |c электронный 
225 1 |a Энергоэффективные технологии в электромеханике 
300 |a Заглавие с титульного экрана 
320 |a [Библиогр.: с. 144 (3 назв.)] 
337 |a Adobe Reader 
463 0 |0 (RuTPU)RU\TPU\conf\6937  |t Энергетика, электромеханика и энергоэффективные технологии глазами молодежи  |o материалы Второй российской молодежной научной школы-конференции, г.Томск, 29-31 октября 2014 г.  |f Национальный исследовательский Томский политехнический университет (ТПУ) ; Российский фонд фундаментальных исследований (РФФИ) ; ред. кол. А. С. Ивашутенко ; Е. П. Богданов ; Т. В. Усачева  |v [С. 141-144]  |d 2014 
610 1 |a труды учёных ТПУ 
610 1 |a электронный ресурс 
610 1 |a индукционные датчики 
610 1 |a угловые перемещения 
610 1 |a датчики 
700 1 |a Торопов  |b А. В. 
801 2 |a RU  |b 63413507  |c 20221101  |g RCR 
856 4 |u http://earchive.tpu.ru/handle/11683/73415 
942 |c BK